Statistics for Animal Quiz (beginner)

Click here to take the quiz!

General Stats

  • This quiz has been taken 12 times
  • The average score is 15 of 19

Answer Stats

HintWater, air or landAnswer% Correct
Collects nectar to make honeyAirBee
100%
Long trunkLandElephant
100%
Biggest 'cat'LandTiger
100%
Is the 'friend of humans'LandDog
90%
King of the animalsLandLion
90%
Can repeat what you sayAirParrot
90%
Lives on AntarcticaLand & waterPenguin
90%
Says 'baaaaaa' and gives woolLandSheep
90%
Biggest animal in the worldWaterBlue whale
80%
Used for transportation hundreds of years agoLandHorse
80%
Blob that stings with spagetti-like tentaclesWaterJellyfish
80%
Biggest birdLandOstrich
80%
Eight eyes (normally)Land & waterSpider
80%
Has a shield, and is really slowLand & waterTurtle
80%
Friendly to humans, intelligent & fastWaterDolphin
70%
Eats animals that are dead alreadyAirVulture
70%
No hands nor feetLand & waterSnake
60%
Has hands instead of feetLandMonkey
50%
Very small with a curly tail and a pointy mouthWaterSea horse
40%

Score Distribution

Percentile by Number Answered

Percent of People with Each Score

Your Score History

You have not taken this quiz